Statistics for BYU National Award Winners

Click here to take the quiz!

General Stats

  • This quiz has been taken 10 times
  • The average score is 20 of 38

Answer Stats

HintAnswer% Correct
2011 Naismith Trophy (Nation's Top Basketball Player)Jimmer Fredette
100%
2011 John WoodenJimmer Fredette
100%
1983 Davey O'BrienSteve Young
100%
1983 Sammy BaughSteve Young
100%
1991 Sammy BaughTy Detmer
100%
1990 Davey O'BrienTy Detmer
100%
1991 Davey O'BrienTy Detmer
100%
1990 Heisman (Nation's Top Football Player)Ty Detmer
100%
1981 Sammy BaughJim McMahon
89%
1981 Davey O'Brien (Nation's Top Quarterback)Jim McMahon
89%
1984 NCAA National Coach of the Year (Football)LaVell Edwards
89%
1979 Bobby Dodd National Coach of the Year (Football)LaVell Edwards
89%
1981 Eastman Trophy (Nation's Top Basketball Player)Danny Ainge
78%
1981 John Wooden (Nation's Top Basketball Player)Danny Ainge
78%
2006 Silver AnniversaryDanny Ainge
78%
1979 Sammy BaughMarc Wilson
67%
1984 Sammy BaughRobbie Bosco
67%
2003 Silver AnniversaryGifford Nielsen
56%
1996 Sammy BaughSteve Sarkisian
56%
2001 Doak Walker (Nation's Top Running Back)Luke Staley
44%
1988 CoSida National Academic All-America Athlete of the YearMichael Smith
44%
1974 Sammy Baugh (Nation's Top Passer)Gary Sheide
33%
1986 Outland Trophy (Nation's Top Interior Lineman)Jason Buck
33%
1980 Fred HaskinsBobby Clampett
22%
1979 Fred Haskins (Nation's Top Golfer)Bobby Clampett
22%
2011 USATF National Men's Track Athlete of the YearMiles Batty
22%
2011 CoSida National Academic All-America Athlete of the YearMiles Batty
22%
USA Volleyball All-Time Great Coach Award 2000Carl McGown
11%
1999 NCAA National Coach of the Year (Volleyball)Carl McGown
11%
2001 NCAA National Coach of the Year (Volleyball)Carl McGown
11%
1989 Woody Hayes National Scholar Athlete AwardChuck Cutler
11%
1996 Nissen Award (Nation's Top Gymnast)Darren Elg
11%
USA Volleyball All-Time Great Coach Award 2001Elaine Michaelis
11%
1995 Silver Anniversary (Athletic, Academic, and Professional Excellence)Larry Echohawk
11%
1989 Outland TrophyMohammed Elewonibi
11%
2001 NCAA National Coach of the Year (Cross Country)Patrick Shane
11%
2000 NCAA National Coach of the Year (Cross Country)Patrick Shane
11%
1997 NCAA National Coach of the Year (Cross Country)Patrick Shane
11%

Score Distribution

Percentile by Number Answered

Percent of People with Each Score

Your Score History

You have not taken this quiz